US State Flags by Partial Images - Statistics

General Stats
  • This quiz has been taken 13 times
  • The average score is 29 of 50
Answer Stats
Picture Answer % Correct
California
100%
New Mexico
100%
Alaska
90%
Arizona
90%
Colorado
90%
Oklahoma
90%
Maryland
80%
Ohio
80%
South Carolina
80%
Alabama
70%
Hawaii
70%
Indiana
70%
Maine
70%
New York
70%
Tennessee
70%
Texas
70%
Washington
70%
Florida
60%
Illinois
60%
Kansas
60%
Michigan
60%
Mississippi
60%
South Dakota
60%
Wyoming
60%
Arkansas
50%
Georgia
50%
Louisiana
50%
Massachusetts
50%
Montana
50%
Nebraska
50%
New Hampshire
50%
Oregon
50%
Pennsylvania
50%
Vermont
50%
Virginia
50%
Connecticut
40%
Delaware
40%
Iowa
40%
Kentucky
40%
Missouri
40%
Nevada
40%
New Jersey
40%
Rhode Island
40%
West Virginia
40%
Idaho
30%
Minnesota
30%
North Dakota
30%
Utah
30%
North Carolina
20%
Wisconsin
20%
No matching quizzes found
Score Distribution
Percent of People with Each Score
Percentile by Number Answered
Your Score History
You have not taken this quiz